000
00238nam a2200097Ia 4500
008
240625s9999 xx 000 0 und d
041
_a
eng
100
_a
KRAJEWSKI LEE J
245
_a
OPERATIONS MANAGEMENT STRATEGY AND ANALY
260
_c
2002
999
_c
33125
_d
33125